| 000 | 00879nam a2200265Ia 4500 | ||
|---|---|---|---|
| 001 | 22010 | ||
| 005 | 20260320113333.0 | ||
| 008 | 260320s9999||||xx |||||||||||||| ||und|| | ||
| 020 | _a9788437625744 | ||
| 041 | _aESP | ||
| 082 |
_aHR 770.9003 _bS72 |
||
| 100 |
_aSougez, Marie-Loup, _eAUT |
||
| 245 | 0 |
_aDiccionario de historia de la fotografía _b |
|
| 246 |
_a _5 _b |
||
| 250 | _aSegunda edición revisada y aumentada | ||
| 260 |
_aMadrid : _bEdiciones Cátedra, _c2009 |
||
| 300 |
_a590 páginas : _b _c18 cm. _e |
||
| 440 |
_a(Cuadernos de arte _n; número 43) _v |
||
| 650 | _aABD | ||
| 653 | _aFotografía - Historia - Diccionario | ||
| 654 | _aCAU | ||
| 700 |
_aPérez Gallardo, Helena, _cAUT |
||
| 856 |
_uhttps://0u20fmvdd-y-https-research-ebsco-com.itmsp.museknowledge.com/c/qxo6us/search _zVéase además: Base de datos EBSCOhost |
||
| 942 |
_cLIB _dJUS _fMAT _2ddc _n |
||
| 999 |
_c22010 _d22010 |
||